Statistics for pokemon facts in 6mins

Click here to take the quiz!

General Stats

  • This quiz has been taken 1,502 times
  • The average score is 22 of 26

Answer Stats

Hint Answer % Correct
ashs pokemon that he takes with him every regeonpikachu
97%
hm2fly
93%
hm3surf
92%
hm1cut
91%
water
90%
rock
89%
fire
88%
grass
88%
hm4strength
87%
electric
87%
dark
86%
ground
86%
normal
84%
flying
84%
psychic
84%
ghost
83%
steel
83%
bug
82%
dragon
82%
hm7waterfall
82%
ice
82%
fighting
81%
poison
81%
hm5flash
80%
hm6rock smash
78%
hm8dive
74%

Score Distribution

Percentile by Number Answered

Percent of People with Each Score

Your Score History

You have not taken this quiz